[Event "Linares 07th"]
[Site "Linares"]
[Date "1989.??.??"]
[Round "?"]
[White "Gulko, Boris F"]
[Black "Beliavsky, Alexander G"]
[Result "0-1"]
[WhiteElo "2610"]
[BlackElo "2640"]
[PlyCount "86"]
[EventDate "1989.01.??"]
[EventType "tourn"]
[EventRounds "11"]
[EventCountry "ESP"]
[EventCategory "16"]
[SourceTitle "CBM 011"]
[Source "ChessBase"]
[SourceDate "1989.08.01"]
[SourceVersion "1"]
[SourceVersionDate "1989.08.01"]
[SourceQuality "1"]

1. c4 e6 2. Nc3 d5 3. d4 Be7 4. cxd5 exd5 5. Bf4 c6 6. Qc2 g6 7. e3 Bf5 8. Qd2 Nf6 9. f3 c5 10. Bh6 cxd4 11. exd4 Nc6 12. g4 Be6 13. Bb5 $146 ({RR} 13. Nge2 Qb6 14. Bg2 O-O-O 15. O-O Kb8 16. b4 Rhe8 17. Rab1 Bc8 18. Rfc1 Ka8 19. b5 Nb8 20. Na4 Qe6 21. Nf4 Qd6 22. Nd3 b6 23. Bf4 Qa3 24. Qd1 Bf8 25. Rc3 Qe7 26. Rc7 Qe2 27. Nxb6+ axb6 {Chernin,A (2600)-Komnenic,B (2320) Rome 1990 1-0 (36)}) 13... Nd7 14. O-O-O Rc8 15. Nge2 a6 16. Bxc6 Rxc6 17. Kb1 Nb6 18. b3 Bb4 19. Rc1 Qe7 20. Nf4 Bxg4 21. fxg4 Bxc3 22. Qd3 Kd7 23. Ne2 Bb4 24. Rxc6 Kxc6 25. Rf1 Nc8 26. Bg7 Re8 27. Be5 Kb6 28. Qf3 Qd7 29. Qxf7 Re7 30. Qf3 Ka7 31. h3 Re8 32. Nf4 Rf8 33. Rc1 Ne7 34. h4 Ba3 35. Rd1 Nc6 36. Qg3 Nb4 37. Nd3 Nxd3 38. Rxd3 Rf1+ 39. Kc2 Rc1+ 40. Kd2 Ra1 41. Ke3 Qc8 42. Qg2 h5 43. Kf4 Rf1+ 0-1

[Event "Saratov Governor's Cup"]
[Site "Saratov"]
[Date "2011.10.10"]
[Round "3"]
[White "Vitiugov, Nikita"]
[Black "Eljanov, Pavel"]
[Result "1/2-1/2"]
[WhiteElo "2726"]
[BlackElo "2683"]
[PlyCount "131"]
[EventDate "2011.10.08"]
[EventType "tourn"]
[EventRounds "11"]
[EventCountry "RUS"]
[EventCategory "19"]
[SourceTitle "CBM 145"]
[Source "ChessBase"]
[SourceDate "2011.11.11"]
[SourceVersion "1"]
[SourceVersionDate "2011.11.11"]
[SourceQuality "1"]

1. d4 d5 2. c4 c6 3. Nf3 Nf6 4. Nc3 dxc4 5. a4 e6 6. e4 Bb4 7. e5 Nd5 8. Qc2 ({RR} 8. Bd2 b5 9. h4 h6 10. Rh3 Nd7 11. Rg3 g6 12. Ne4 Qe7 13. Be2 N7b6 14. axb5 cxb5 15. Kf1 Bd7 16. Bxb4 Qxb4 17. Nd6+ Kf8 18. Ne1 Na4 19. Bf3 Qb3 20. Qxb3 cxb3 21. Bxd5 exd5 22. Rxb3 a5 {Salem,A (2650)-Caruana,F (2813) Douglas 2016 ½-½ (50)}) ({RR} 8. Bd2 b5 9. axb5 Bxc3 10. bxc3 cxb5 11. Ng5 Nc6 12. Qh5 Qe7 13. Be2 b4 14. O-O bxc3 15. Bc1 Nxd4 16. Bxc4 h6 17. Ne4 O-O 18. Ba3 Qc7 19. Bxf8 Nf4 20. Qg4 Kxf8 21. Nd6 g5 22. g3 Bb7 {Vitiugov,N (2705)-Jakovenko,D (2722) Moscow 2012 ½-½}) 8... c5 ({RR} 8... b5 9. Bd2 Bxc3 10. bxc3 O-O 11. Ng5 f5 12. exf6 Nxf6 13. Be2 h6 14. Ne4 Nxe4 15. Qxe4 Qd5 16. Bf3 bxa4 17. Qg6 Qf5 18. Qg3 Kh8 19. O-O Nd7 20. Rfe1 Nf6 21. Bxc6 Rb8 22. Qxb8 Ng4 23. Bf3 {Perez de Miguel,A (2279)-Ciuffoletti,P (2106) chess.com INT 2023 1-0}) 9. dxc5 Qa5 10. Bd2 $146 ({RR} 10. Bxc4 Nxc3 11. bxc3 Bxc5 12. O-O Nc6 13. Qe4 Bd7 14. Rb1 Qc7 15. Re1 O-O-O 16. Bg5 Rde8 17. Nd4 a6 18. Qe2 Nb8 19. Qa2 h6 20. Be3 Re7 21. Re2 Rd8 22. Reb2 b6 23. Nf3 Bxe3 24. fxe3 Bc6 {Marklund,N (2170)-Hjelm,N (2313) Sweden 2012 0-1 (31)}) 10... Bxc3 11. bxc3 Qxc5 12. Qe4 Bd7 13. Qg4 Nc6 14. Qxg7 O-O-O 15. Qg4 Rhg8 16. Qxc4 Qxc4 17. Bxc4 Rxg2 18. Bd3 Nde7 19. Bxh7 Rh8 20. Bc2 Ng6 21. Kf1 Rg4 22. Re1 Na5 23. Rg1 Rxg1+ 24. Kxg1 Nc4 25. Bg5 Rg8 26. Kf1 Bc6 27. Nd4 Bd5 28. Be4 Bxe4 29. Rxe4 Ngxe5 30. Bf4 Nd3 31. Nb5 Ncb2 32. Nxa7+ Kd7 33. Rd4+ Ke7 34. Bd6+ Kf6 35. Ke2 Ra8 36. Nb5 Nc1+ 37. Kf3 Rxa4 38. Rxa4 Nxa4 39. Ke4 Nb3 40. Be5+ Kg6 41. Bd4 Nb2 42. Nd6 Nd2+ 43. Ke3 Ndc4+ 44. Nxc4 Nxc4+ 45. Kd3 b5 46. Ke4 Kg5 47. Be3+ Kg4 48. Kd4 e5+ 49. Kd5 f5 50. Bc5 f4 51. Kc6 Nd2 52. Kxb5 Ne4 53. Ba7 Nxc3+ 54. Kc4 Ne4 55. h3+ Kf5 56. Kd3 Ng5 57. h4 e4+ 58. Ke2 Nf3 59. h5 Kg5 60. Bb8 Nd4+ 61. Kd2 Nf5 62. f3 exf3 63. Ke1 Kg4 64. Kf2 Nh6 65. Bc7 Nf7 66. Bb8 1/2-1/2

[Event "Moscow Aeroflot op-A"]
[Site "Moscow"]
[Date "2009.02.25"]
[Round "9"]
[White "Pashikian, Arman"]
[Black "Bacrot, Etienne"]
[Result "0-1"]
[WhiteElo "2621"]
[BlackElo "2722"]
[PlyCount "124"]
[EventDate "2009.02.17"]
[EventType "swiss"]
[EventRounds "9"]
[EventCountry "RUS"]
[SourceTitle "CBM 129"]
[Source "ChessBase"]
[SourceDate "2009.03.25"]
[SourceVersion "1"]
[SourceVersionDate "2009.03.25"]
[SourceQuality "1"]

1. d4 d5 2. c4 e6 3. Nc3 c6 4. e4 Bb4 5. exd5 exd5 6. cxd5 cxd5 ({RR} 6... Qxd5 7. Nf3 Nf6 8. Be2 O-O 9. O-O Qd8 10. Bg5 Be7 11. Ne5 Be6 12. Bc4 Bxc4 13. Nxc4 Nd5 14. Bxe7 Nxe7 15. Ne3 Na6 16. d5 Qb6 17. dxc6 Nxc6 18. Nc4 Qc5 19. Qd5 Qxd5 20. Nxd5 Rad8 21. Rad1 {Steiners,E (1978)-Sarana,A (2683) chess.com INT 2026 0-1 (73)}) 7. Bb5+ $146 ({RR} 7. Nf3 Nc6 8. Bd3 Bg4 9. O-O Nf6 10. Re1+ Be7 11. Qb3 O-O 12. Qxb7 Rc8 13. Ne5 Na5 14. Qa6 Be6 15. Bd2 Rb8 16. Nb5 Nc4 17. Bxc4 dxc4 18. Nc6 Qd7 19. Nxb8 Rxb8 20. a4 Nd5 21. Qxa7 Qc8 {Drenchev,P (2371)-Vaklinov,A (2154) Plovdiv 1999 1-0}) ({RR} 7. Bd3 Nc6 8. Nge2 Nge7 9. O-O O-O 10. Nf4 Qd6 11. Be3 Bxc3 12. bxc3 Rd8 13. Qb1 g6 14. Rd1 b6 15. c4 dxc4 16. Bxc4 Na5 17. Be2 Bb7 18. d5 Rac8 19. Qb5 Nf5 20. Rac1 Nxe3 21. Rxc8 Rxc8 {Bunzmann,D (2509)-Vallejo Pons,F (2630) Germany 2002 ½-½ (31)}) ({RR} 7. Nf3 Ne7 8. Bb5+ Nbc6 9. O-O O-O 10. Bg5 h6 11. Bh4 Bg4 12. a3 Bxf3 13. Qxf3 Nxd4 14. Qd3 Bxc3 15. bxc3 Ndf5 16. Bxe7 Nxe7 17. Rfe1 Qc7 18. Rad1 Rad8 19. Qe3 Nf5 20. Qxa7 Ra8 {0-1 (20) Taboas Rodriguez,D (2360)-Szpar,M (2495) chess.com INT 2024}) 7... Bd7 8. Bd3 Ne7 9. Qf3 Qc8 10. Nge2 Bf5 11. O-O Bxd3 12. Qxd3 O-O 13. Qb5 Bxc3 14. bxc3 Rd8 15. Ba3 Nbc6 16. Bxe7 Nxe7 17. a4 a6 18. Qb4 Ng6 19. Rab1 Rb8 20. a5 h5 21. Qa4 h4 22. h3 Re8 23. Rb2 Re4 24. c4 dxc4 25. Rc1 Qf5 26. Qc2 Nf4 27. Nc3 Nd3 28. Nxe4 Nxc1 29. Qxc4 Qxe4 30. Qxc1 Rd8 31. Rb4 Rd6 32. Qe3 Qd5 33. Qf4 Re6 34. Kh2 Rg6 35. Qb8+ Kh7 36. Qxb7 Rxg2+ 37. Kh1 Qxb7 38. Rxb7 Rxf2 39. Ra7 Rf6 40. Kg2 Kg6 41. Rb7 Rf4 42. d5 Rf5 43. Rb6+ f6 44. Rd6 Kh6 45. Rd8 Kh7 46. Rd7 Rg5+ 47. Kf2 Rg3 48. Rd6 Rd3 49. Ke2 Rxh3 50. Rxa6 Rg3 51. Rb6 h3 52. Kf2 h2 53. Rb1 Ra3 54. Rd1 Rxa5 55. Kg2 Ra2+ 56. Kh1 Kg6 57. d6 Ra8 58. Kxh2 Rd8 59. Kg3 Kf5 60. Kf3 Rd7 61. Rg1 Ke6 62. Ke4 g5 0-1

[Event "CZE-chT 1112"]
[Site "Czech Republic"]
[Date "2012.01.08"]
[Round "6.2"]
[White "Stocek, Jiri"]
[Black "Kempinski, Robert"]
[Result "1/2-1/2"]
[WhiteElo "2600"]
[BlackElo "2604"]
[PlyCount "51"]
[EventDate "2011.10.08"]
[EventType "team-tourn"]
[EventRounds "11"]
[EventCountry "CZE"]
[SourceTitle "EXT 2013"]
[Source "ChessBase"]
[SourceDate "2012.11.22"]
[SourceVersion "1"]
[SourceVersionDate "2012.11.22"]
[SourceQuality "1"]
[WhiteTeam "Lysa nad Labem"]
[BlackTeam "Pardubice"]
[WhiteTeamCountry "CZE"]
[BlackTeamCountry "CZE"]

1. d4 d5 2. c4 c6 3. Nf3 Nf6 4. Nc3 dxc4 5. a4 e6 6. e4 Bb4 7. Qc2 b5 8. Be2 Bb7 9. O-O a6 10. Bg5 h6 11. Bh4 Nbd7 12. e5 g5 13. Bg3 Nh5 14. Ne4 ({RR} 14. b3 Nxg3 15. hxg3 cxb3 16. Qxb3 Be7 17. Ne4 O-O 18. Rfc1 Rc8 19. Nc5 Nxc5 20. dxc5 Qd5 21. Qe3 Rcd8 22. g4 Kg7 23. Rc2 Qd7 24. Rd2 Qe8 25. Rd6 Bc8 26. Bd3 Rh8 27. Nd2 f5 28. gxf5 exf5 {Stefansson,H (2574)-Fridman,D (2650) Rijeka 2010 1-0 (42)}) 14... Qb6 15. Rfd1 Be7 16. Nd6+ $146 ({RR} 16. b3 cxb3 17. Qxb3 c5 18. Nd6+ Bxd6 19. exd6 Nxg3 20. hxg3 Bd5 21. Qe3 c4 22. axb5 axb5 23. Rxa8+ Bxa8 24. Rb1 Qc6 25. d5 Qxd5 26. Qa7 Bc6 27. Ne1 O-O 28. Rd1 Qc5 29. Qc7 Ra8 30. Nc2 c3 {Rasmussen,K (2410)-Nielsen,P (2585) Nyborg 2001 0-1 (34)}) 16... Bxd6 17. exd6 Nxg3 18. hxg3 c5 19. dxc5 Qxc5 20. Nd4 O-O 21. Nxe6 fxe6 22. Qg6+ Kh8 23. Qxh6+ Kg8 24. Qg6+ Kh8 25. Qh6+ Kg8 26. Qg6+ 1/2-1/2

[Event "EU-chT (Men) 18th"]
[Site "Porto Carras"]
[Date "2011.11.08"]
[Round "6.1"]
[White "Svidler, Peter"]
[Black "Radjabov, Teimour"]
[Result "0-1"]
[WhiteElo "2755"]
[BlackElo "2781"]
[PlyCount "106"]
[EventDate "2011.11.03"]
[EventType "team-swiss"]
[EventRounds "9"]
[EventCountry "GRE"]
[SourceTitle "CBM 146"]
[Source "ChessBase"]
[SourceDate "2012.01.18"]
[SourceVersion "1"]
[SourceVersionDate "2012.01.18"]
[SourceQuality "1"]
[WhiteTeam "Russia"]
[BlackTeam "Azerbaijan"]
[WhiteTeamCountry "RUS"]
[BlackTeamCountry "AZE"]

1. d4 d5 2. c4 e6 3. Nc3 Be7 4. cxd5 exd5 5. Bf4 Nf6 6. e3 Bf5 7. Nge2 c6 8. Ng3 Be6 9. Bd3 O-O ({RR} 9... g6 10. h4 Nbd7 11. h5 Rg8 12. hxg6 hxg6 13. Nge2 Nh5 14. Qc2 Nxf4 15. Nxf4 Nf8 16. O-O-O Bd6 17. Kb1 Qa5 18. a3 O-O-O 19. Na4 Qc7 20. g3 Bg4 21. Rc1 Bf3 22. Rhe1 Nd7 23. b4 Kb8 24. Qb3 {Tabatabaei,M (2613)-Fedoseev,V (2696) Krasnaya Polyana 2021 ½-½ (32)}) 10. O-O ({RR} 10. Nf5 Bxf5 11. Bxf5 Nbd7 12. O-O Re8 13. Qf3 g6 14. Bh3 Nh5 15. Bh6 Nb6 16. Rfd1 Bg5 17. Bxg5 Qxg5 18. b3 Re7 19. g3 Kg7 20. e4 dxe4 21. Nxe4 Qd5 22. Bg2 Rae8 23. Nc3 Qxf3 24. Bxf3 Nf6 {Ha,Y (1959)-Ratkovic,M (2501) Kovin SRB 2026 0-1 (45)}) 10... Re8 11. h3 Nbd7 12. Rc1 $146 ({RR} 12. Be5 Nb6 13. Nge2 Nc8 14. Qc2 h6 15. Bh2 Bd6 16. Nf4 Bb8 17. f3 Nb6 18. Qf2 Qd7 19. g4 Bd6 20. Rad1 Rad8 21. Kh1 Qc7 22. Qh4 Qe7 23. Rg1 Nh7 24. Qf2 c5 25. Nb5 Bxf4 26. Bxf4 c4 {Deuer,M (2458)-Woong,Z (2139) Biel SUI 2024 1-0 (55)}) ({RR} 12. Nf5 Bxf5 13. Bxf5 Nf8 14. Rb1 Ng6 15. Bxg6 hxg6 16. b4 a6 17. a4 b5 18. Qc2 Bf8 19. Rfc1 Re6 20. Ne2 Ne4 21. Be5 g5 22. Ng3 Nd6 23. axb5 cxb5 24. Bxd6 Bxd6 25. Nf5 Bf8 26. Qb3 a5 {Dudin,G (2534)-Volkov,M (2306) chess.com INT 2024 1-0 (49)}) 12... Nf8 13. Nge2 Ng6 14. Bg3 Bd6 15. Bxd6 Qxd6 16. f3 Nh5 17. Qd2 Ng3 18. Nxg3 Qxg3 19. Qf2 Qd6 20. f4 f5 21. Nb1 b6 22. Qc2 Bd7 23. Rfe1 Ne7 24. Nd2 Rac8 25. Qa4 a5 26. Nf3 Red8 27. Ne5 Ng6 28. Nf3 Ne7 29. Rc3 Be8 30. Qc2 g6 31. Rc1 Qe6 32. Ne5 c5 33. dxc5 Rxc5 34. Qb3 Rdc8 35. Kf2 Qd6 36. Qa3 Kg7 37. Ba6 d4 38. Rd1 dxe3+ 39. Ke1 Qf6 40. Rxe3 R8c7 41. Nd3 Rc2 42. Rd2 Rxd2 43. Kxd2 Bf7 44. Qa4 Bd5 45. g4 Be4 46. Rxe4 fxe4 47. Qxe4 Rd7 48. Ke3 Nc6 49. g5 Qd6 50. Qc4 Re7+ 51. Kf2 Nd4 52. Ne5 Rc7 53. Qd3 Rc2+ 0-1

[Event "Bundesliga 1112"]
[Site "Germany"]
[Date "2012.04.14"]
[Round "14.1"]
[White "Buhmann, Rainer"]
[Black "Lupulescu, Constantin"]
[Result "1/2-1/2"]
[WhiteElo "2606"]
[BlackElo "2655"]
[PlyCount "52"]
[EventDate "2011.10.14"]
[EventType "team-tourn"]
[EventRounds "15"]
[EventCountry "GER"]
[SourceTitle "CBM 148"]
[Source "ChessBase"]
[SourceDate "2012.05.16"]
[SourceVersion "1"]
[SourceVersionDate "2012.05.16"]
[SourceQuality "1"]
[WhiteTeam "Hockenheim"]
[BlackTeam "Trier"]
[WhiteTeamCountry "GER"]
[BlackTeamCountry "GER"]

1. Nf3 d5 2. d4 e6 3. c4 a6 4. cxd5 exd5 5. Nc3 c6 6. Bf4 Bd6 7. Bxd6 Qxd6 8. e3 Ne7 9. Bd3 Bf5 10. O-O ({RR} 10. Bxf5 Nxf5 11. Qc2 Ne7 12. Qb3 Ra7 13. e4 O-O 14. e5 Qd8 15. Qc2 f6 16. O-O fxe5 17. Nxe5 Nf5 18. Qd3 Nd7 19. Rae1 Ra8 20. Na4 Nxe5 21. Rxe5 g6 22. Nc5 Rf7 23. Rfe1 Ng7 24. g3 Qf8 {Kramnik,V (2781)-Morozevich,A (2694) Moscow 2011 ½-½ (56)}) 10... O-O 11. Rc1 ({RR} 11. h3 Nd7 12. Rc1 Rfe8 13. Qd2 Bxd3 14. Qxd3 Qg6 15. Qd2 Nf5 16. Ne2 Nd6 17. Nf4 Ne4 18. Nxg6 Nxd2 19. Nxd2 hxg6 20. Nb3 Nf6 21. Nc5 Re7 22. Rc2 Ne8 23. a4 Nd6 24. Rfc1 g5 25. Rc3 g6 {Meirkhanuly,A (2277)-Papasimakopoulos,A (2363) chess.com INT 2026 0-1 (57)}) 11... Nd7 12. Na4 Rab8 $146 ({RR} 12... Qf6 13. Nc5 Nxc5 14. Rxc5 Bxd3 15. Qxd3 Nf5 16. e4 dxe4 17. Qxe4 Ne7 18. Ng5 g6 19. Re5 Nd5 20. f4 Rad8 21. Qe1 Qd6 22. f5 Nf6 23. Qh4 Nh5 24. Nf3 Qf6 25. Qe4 Ng7 26. g4 Rfe8 27. Qf4 {Rogule,L (2272)-Haria,R (2449) Riga 2018 0-1 (52)}) 13. Qc2 Bxd3 14. Qxd3 Nc8 15. Nc5 Qe7 16. Qf5 Rd8 17. Nxd7 Rxd7 18. Ng5 g6 19. Qh3 f6 20. Ne6 Nd6 21. Nc5 Rdd8 22. Qe6+ Qxe6 23. Nxe6 Re8 24. Nc5 Re7 25. g3 Kg7 26. Kg2 Rbe8 1/2-1/2

[Event "Novgorod"]
[Site "Novgorod"]
[Date "1995.05.31"]
[Round "5"]
[White "Jussupow, Artur"]
[Black "Kramnik, Vladimir"]
[Result "1/2-1/2"]
[WhiteElo "2660"]
[BlackElo "2715"]
[PlyCount "89"]
[EventDate "1995.05.??"]
[EventType "tourn"]
[EventRounds "9"]
[EventCountry "RUS"]
[EventCategory "17"]
[SourceTitle "CBM 048"]
[Source "ChessBase"]
[SourceDate "1995.10.01"]
[SourceVersion "1"]
[SourceVersionDate "1995.10.01"]
[SourceQuality "1"]

1. d4 d5 2. c4 c6 3. Nc3 Nf6 4. e3 e6 5. b3 Bb4 6. Bb2 c5 7. dxc5 Ne4 8. Qc2 d4 9. exd4 Qxd4 10. Rc1 Nd7 $146 ({RR} 10... Nxc3 11. Bxc3 Qxc5 12. Nf3 Nc6 13. Bd3 Ne5 14. Be4 Nxf3+ 15. Bxf3 Qe5+ 16. Kf1 Bxc3 17. Qxc3 Qxc3 18. Rxc3 Ke7 19. Ke2 Rb8 20. c5 Bd7 21. Ke3 Bc6 22. Bxc6 bxc6 23. Rd1 Rhd8 24. Rxd8 Rxd8 25. b4 {Lima,S (2155)-Matsuura,E (2418) Recife BRA 2023 ½-½ (37)}) ({RR} 10... Nxc3 11. Bxc3 Qxc5 12. Nf3 Nc6 13. Bd3 Ne5 14. Be4 Nxf3+ 15. Bxf3 Qe5+ 16. Kf1 Bxc3 17. Qxc3 Qxc3 18. Rxc3 Ke7 19. Ke2 Rb8 20. c5 Bd7 21. Ke3 Bc6 22. Bxc6 bxc6 23. Rd1 Rhd8 24. Rxd8 Rxd8 25. b4 {Lima,S (2155)-Matsuura,E (2418) Recife BRA 2023 ½-½ (37)}) 11. Nf3 Bxc3+ 12. Bxc3 Qxc3+ 13. Qxc3 Nxc3 14. Rxc3 Nxc5 15. b4 Ne4 16. Re3 Nf6 17. Be2 Ke7 18. O-O Rd8 19. h3 Bd7 20. Ne5 Rac8 21. Ra3 a6 22. Bf3 Rc7 23. Rd1 Be8 24. Rxd8 Kxd8 25. Rd3+ Ke7 26. c5 a5 27. a3 axb4 28. axb4 Nd7 29. Nc4 Nb8 30. Nd6 Bc6 31. h4 f6 32. h5 Bxf3 33. Rxf3 Na6 34. Rg3 Kf8 35. Rg4 f5 36. Rd4 Ke7 37. g4 g6 38. hxg6 hxg6 39. g5 e5 40. Rh4 Ke6 41. Rh6 Rg7 42. Ne8 Rg8 43. Nf6 Rg7 44. Nh5 Rg8 45. Nf6 1/2-1/2

[Event "Reykjavik op"]
[Site "Reykjavik"]
[Date "1996.??.??"]
[Round "7"]
[White "Gulko, Boris F"]
[Black "Hansen, Curt"]
[Result "1/2-1/2"]
[WhiteElo "2615"]
[BlackElo "2615"]
[PlyCount "50"]
[EventDate "1996.03.??"]
[EventType "swiss"]
[EventRounds "9"]
[EventCountry "ISL"]
[SourceTitle "CBM 052"]
[Source "ChessBase"]
[SourceDate "1996.06.01"]
[SourceVersion "1"]
[SourceVersionDate "1996.06.01"]
[SourceQuality "1"]

1. c4 e6 2. Nc3 d5 3. d4 c6 4. e3 Nf6 5. b3 Bb4 6. Bb2 Nbd7 ({RR} 6... Qa5 7. Qc1 Ne4 8. Nge2 c5 9. a3 Bxc3+ 10. Nxc3 cxd4 11. b4 Qc7 12. Nxe4 dxe4 13. Bxd4 O-O 14. Be2 Nc6 15. Bb2 b6 16. O-O Bb7 17. c5 bxc5 18. Qxc5 Qe7 19. Rac1 Qxc5 20. Rxc5 Rfd8 21. b5 {Carlsen,M (2876)-Hammer,J (2677) Stavanger 2015 1-0 (55)}) ({RR} 6... Ne4 7. Nge2 Qa5 8. Qc2 O-O 9. a3 Bxc3+ 10. Nxc3 c5 11. dxc5 Nxc3 12. Qxc3 Qxc3+ 13. Bxc3 Nd7 14. b4 Ne5 15. Bxe5 a5 16. b5 a4 17. Be2 Bd7 18. Rb1 Rac8 19. O-O f6 20. Bd6 Rfd8 21. Rfd1 {Shishkov,A (2340)-Al Tarbosh,W (2278) chess.com INT 2024 1-0 (47)}) 7. a3 Bd6 8. Nf3 b6 $146 ({RR} 8... O-O 9. Be2 b6 10. O-O Bb7 11. Qc2 Qe7 12. e4 dxe4 13. Nxe4 Nxe4 14. Qxe4 Nf6 15. Qh4 h6 16. Rfe1 Nh7 17. Qxe7 Bxe7 18. Ne5 Rfd8 19. Bh5 g6 20. Bf3 Rac8 21. g3 Bf6 22. Rad1 Ba8 23. Bg2 {Matviyishen,V (2154)-Gadimbayli,A (2072) Al Ain 2013 ½-½ (67)}) 9. Bd3 Bb7 10. O-O O-O 11. b4 dxc4 12. Bxc4 a5 13. b5 Qb8 14. bxc6 Bxc6 15. d5 exd5 16. Nxd5 b5 17. Ba2 Ra6 18. Rc1 Bxd5 19. Bxd5 Ne5 20. Nxe5 Bxe5 21. Bxe5 Qxe5 22. Rc5 Qd6 23. Rxb5 Nxd5 24. Rxd5 Qxa3 25. Qa1 Qxa1 1/2-1/2

[Event "Rubinstein Memorial 33rd"]
[Site "Polanica Zdroj"]
[Date "1996.??.??"]
[Round "11"]
[White "Nikolic, Predrag"]
[Black "Oll, Lembit"]
[Result "1/2-1/2"]
[WhiteElo "2670"]
[BlackElo "2620"]
[PlyCount "41"]
[EventDate "1996.08.15"]
[EventType "tourn"]
[EventRounds "11"]
[EventCountry "POL"]
[EventCategory "15"]
[SourceTitle "CBM 055"]
[Source "ChessBase"]
[SourceDate "1996.12.01"]
[SourceVersion "1"]
[SourceVersionDate "1996.12.01"]
[SourceQuality "1"]

1. d4 d5 2. c4 c6 3. Nc3 e6 4. cxd5 exd5 5. Bf4 Bd6 6. Bg3 Ne7 7. e3 Nf5 8. Bd3 Nxg3 9. hxg3 Nd7 10. Qc2 Nf6 11. O-O-O g6 12. Nf3 Kf8 $146 ({RR} 12... Qe7 13. Rde1 Bb4 14. a3 Bxc3 15. Qxc3 Be6 16. Ne5 O-O-O 17. f3 Nd7 18. Nxd7 Bxd7 19. g4 h5 20. gxh5 Rxh5 21. Rxh5 gxh5 22. Re2 {½-½ (22) Hort,V (2545)-Andersson,U (2630) Biel 1990}) ({RR} 12... Bg4 13. Rde1 O-O 14. Rh4 Kg7 15. Reh1 Bxf3 16. gxf3 Rh8 17. Kb1 Rc8 18. g4 c5 19. Qd2 c4 20. Bc2 Qa5 21. e4 dxe4 22. fxe4 Bf8 23. g5 Nd7 24. f4 Bb4 25. f5 b5 26. Qh2 h5 27. gxh6+ {Cichocki,A (2375)-Bashkov,V (2425) Polanica Zdroj 1995 1-0 (51)}) 13. Ng5 Ng4 14. Nh3 f5 15. Nf4 Kg7 16. Kb1 Bd7 17. Qd2 Qe7 18. Rde1 Nf6 19. f3 Rae8 20. Bc2 Bc8 21. Qf2 1/2-1/2

[Event "EU-chT (Men) 11th"]
[Site "Pula"]
[Date "1997.05.??"]
[Round "9.1"]
[White "Bareev, Evgeny"]
[Black "Aleksandrov, Aleksej"]
[Result "1-0"]
[WhiteElo "2665"]
[BlackElo "2615"]
[PlyCount "51"]
[EventDate "1997.05.05"]
[EventType "team-swiss"]
[EventRounds "9"]
[EventCountry "CRO"]
[SourceTitle "CBM 057 Extra"]
[Source "ChessBase"]
[SourceDate "1997.05.01"]
[SourceVersion "1"]
[SourceVersionDate "1997.05.01"]
[SourceQuality "1"]
[WhiteTeam "Russia"]
[BlackTeam "Belarus"]
[WhiteTeamCountry "RUS"]
[BlackTeamCountry "BLR"]

1. c4 {Lautier,Joel} e6 2. Nc3 d5 3. d4 Bb4 4. e3 c5 5. a3 Bxc3+ 6. bxc3 Ne7 ({RR} 6... Nc6 7. Bd3 Nge7 8. Nf3 dxc4 9. Bxc4 O-O 10. O-O Ng6 11. a4 Qc7 12. Ba3 b6 13. Qe2 Rd8 14. h3 Bb7 15. Rfd1 e5 16. Rac1 Na5 17. Ba2 e4 18. Nd2 Qd7 19. dxc5 Qxa4 20. Nb1 Rd3 21. Rxd3 {Aleksandrov,A (2606)-Iljin,T (2266) St Petersburg 2015 1-0 (44)}) 7. Bd3 ({RR} 7. cxd5 exd5 8. Bd3 O-O 9. Ne2 Bf5 10. f3 Bxd3 11. Qxd3 Nd7 12. O-O Rc8 13. e4 Re8 14. e5 Qc7 15. Bf4 Qc6 16. Rab1 Nb6 17. Bg5 Qg6 18. Qxg6 Nxg6 19. f4 h6 20. f5 Nxe5 21. dxc5 Rxc5 {Grebennikov,N (2199)-Kraus,T (2420) Teplice CZE 2025 0-1 (35)}) 7... dxc4 ({RR} 7... Qc7 8. cxd5 exd5 9. Ne2 Bf5 10. Bxf5 Nxf5 11. O-O O-O 12. Nf4 ({RR} 12. f3) 12... Ne7 13. c4 dxc4 ({RR} 13... cxd4 14. cxd5 dxe3 15. d6) 14. d5 Ng6 15. Nh5 Qe5 ({RR} 15... Nd7 16. Bb2 f6 ({RR} 16... Nde5 17. f4) 17. f4 Rae8 18. Qf3 b5 19. e4 ({RR} 19. Rac1 Nb6 20. e4 b4 21. axb4 cxb4 22. Bd4 c3) 19... b4 20. axb4 cxb4 21. Bd4 Nc5) 16. Rb1 Rd8 17. Qg4 ({RR} 17. Rxb7 Qxd5 18. Qxd5 Rxd5 19. g4 c3 ({RR} 19... Nc6 20. Bb2 Nce5 21. h3) 20. Rb3 Nd7 ({RR} 20... Rd3 21. Bb2) 21. Rxc3 Nde5 22. e4 ({RR} 22. h3 Rad8 23. f4 Nd3) 22... Rd4 23. Rxc5 Rxe4 24. h3) 17... Nd7 ({RR} 17... Qxd5 18. Bb2 Qd7 19. Qxc4) 18. e4 b6 19. Bb2 c3 20. Ba1 c4 21. Qf3 ({RR} 21. Rbc1 Nc5 22. Rfe1 Na4 ({RR} 22... Nd3 23. Bxc3 Qe7 24. Nxg7 Nxe1 ({RR} 24... Nxc1 25. Nf5 Qxa3 26. Nh6+ Kf8 27. Qf5 Qe7 28. Bb4) 25. Rxe1 ({RR} 25. Nf5 Qxa3 26. Nh6+ Kf8 27. Qf5 Nf3+) 25... Qxa3 26. Qg3 b5 27. Nf5 b4 28. Nh6+ Kf8 29. Qc7) 23. Re3 Re8 ({RR} 23... Qd4 24. Rexc3 ({RR} 24. Bxc3 Nxc3 25. Rexc3 ({RR} 25. Rcxc3 Rxd5) 25... b5 ({RR} 25... Rxd5 26. Rxc4 Rc5 27. Rxd4 Rxc1+ 28. Rd1)) 24... Nxc3 25. Bxc3 Qc5 26. Nxg7 Qxa3 27. Qg5) 24. Bxc3 Nxc3 25. Rcxc3 b5) 21... f6 ({RR} 21... Nc5 22. Bxc3 Qxe4 23. Nf6+ gxf6 24. Qxf6 Kf8 25. Rfe1) 22. Bxc3 {Shirov,A (2715)-Lautier,J (2625) Linares 1994 CBM 040 [Lautier,Joel] 0-1 (61)}) 8. Bxc4 Qc7 9. Qd3 $146 ({RR} 9. Qe2 O-O 10. Bb2 Nbc6 11. Nf3 e5 12. Rd1 Bg4 13. d5 e4 14. dxc6 exf3 15. gxf3 Qxc6 16. e4 Be6 17. Bb5 Qc7 18. c4 a6 19. Ba4 Qa5+ {0-1 (19) Beliavsky,A (2651)-Yu,Y (2662) Tromsoe 2013}) ({RR} 9. Ba2 b6 10. Ne2 Bb7 11. O-O Nd7 12. f3 O-O 13. e4 Ng6 14. Bg5 Rac8 15. h4 cxd4 16. cxd4 Ba6 17. h5 Bxe2 18. Qxe2 Nf4 19. Qd1 Ng6 20. Qe2 Nf4 21. Qf2 h6 22. Be7 Rfe8 23. Bb4 Nf6 {Navara,D (2689)-Nabaty,T (2632) Czech Republic CZE 2024 0-1 (34)}) 9... b6 10. Ne2 Bb7 11. e4 Nd7 12. Bf4 e5 13. dxe5 Nxe5 14. Qg3 N7g6 15. Bb5+ Ke7 16. Bxe5 Qxe5 17. f4 Qxe4 18. f5 Ne5 19. O-O f6 20. Nf4 Kf7 21. Rae1 Qxf5 22. Nd5 Nf3+ 23. Rxf3 Qxd5 24. Qc7+ Kf8 25. Qe7+ Kg8 26. Bd7 1-0

[Event "Bazna Kings 2nd"]
[Site "Bazna"]
[Date "2008.05.26"]
[Round "3"]
[White "Beliavsky, Alexander G"]
[Black "Khalifman, Alexander"]
[Result "1/2-1/2"]
[WhiteElo "2641"]
[BlackElo "2628"]
[PlyCount "51"]
[EventDate "2008.05.24"]
[EventType "tourn"]
[EventRounds "11"]
[EventCountry "ROU"]
[EventCategory "13"]
[SourceTitle "CBM 124 Extra"]
[Source "ChessBase"]
[SourceDate "2008.07.03"]
[SourceVersion "1"]
[SourceVersionDate "2008.07.03"]
[SourceQuality "1"]

1. d4 d5 2. c4 c6 3. Nf3 Nf6 4. Nc3 dxc4 5. a4 e6 6. e4 Bb4 7. e5 Nd5 8. Bd2 b5 9. axb5 Bxc3 10. bxc3 cxb5 11. Ng5 Nc6 12. Qh5 Qe7 13. Be2 b4 14. O-O bxc3 15. Be3 h6 16. Ne4 O-O 17. Bxc4 Ncb4 18. Bg5 f6 19. exf6 $146 ({RR} 19. Bc1 f5 20. Nd6 a5 21. Qg6 Kh8 22. Rd1 Bd7 23. Bxd5 Nxd5 24. Rd3 Be8 25. Qg3 f4 26. Qf3 Bg6 27. Rxc3 Nxc3 28. Qxc3 f3 29. g3 a4 30. h3 Qd7 31. Kh2 Ra6 32. Qc4 Rfa8 33. Ba3 Rb6 {Nguyen,N (2551)-Kobalia,M (2623) Moscow 2008 0-1 (56)}) 19... Qf7 20. Qxf7+ Rxf7 21. Bc1 Nxf6 22. Nxf6+ Rxf6 23. Ra3 Nd5 24. Bxd5 exd5 25. Rxc3 Ba6 26. Re1 1/2-1/2